[Event "Challenge"]
[Site "http://www.queenalice.com/game.php?id=721984"]
[Date "2010.1.28"]
[Round "-"]
[White "Meirebel"]
[Black "lschofiel"]
[Result "1-0"]
[WhiteElo "2338"]
[BlackElo "2053"]

1. d4 f5 2. Nc3 e6 3. e4 fxe4 4. Nxe4 Nf6 5. Nxf6+ Qxf6 6. Nf3 Nc6 7. Bg5 Qg6 8.
Bd3 Qh5 9. c3 Bd6 10. Be3 O-O 11. h3 b6 12. O-O Bb7 13. Ng5 Qxd1 14. Bxh7+ Kh8
15. Raxd1 Be7 16. Bd3 Bd6 17. Be4 Rab8 18. Rfe1 Ne7 19. Bxb7 Rxb7 20. Ne4 Nf5
21. Bg5 Re8 22. g4 Ne7 23. d5 e5 24. f4 Ng8 25. Kg2 Rbb8 26. a3 a6 27. c4 exf4
28. Nxd6 Rxe1 29. Nf7+ Kh7 30. Rxe1 Rf8 31. Ne5 d6 32. Nf3 b5 33. cxb5 axb5 34.
Nd4 Kg6 35. Re6+ 1-0

[Event "Challenge"]
[Site "http://www.queenalice.com/game.php?id=721985"]
[Date "2010.1.28"]
[Round "-"]
[White "lschofiel"]
[Black "Meirebel"]
[Result "1/2-1/2"]
[WhiteElo "2106"]
[BlackElo "2336"]

1. e4 e5 2. Nf3 Nc6 3. Bc4 Bc5 4. d3 d6 5. Ng5 Nh6 6. h3 Na5 7. Bb3 Nxb3 8. axb3
Bd7 9. Nc3 Ng8 10. Nd5 Nf6 11. O-O Nxd5 12. exd5 O-O 13. Re1 Bb6 14. Nf3 Qf6 15.
Be3 Bxe3 16. Rxe3 Rfe8 17. c3 c5 18. Nd2 Qg6 19. Rg3 Qh6 20. Re3 b6 21. Re1 Red8
22. Nc4 Qg6 23. Qf3 Bf5 24. Na3 Bxd3 25. c4 a6 26. Re3 f5 27. Nb1 Be4 28. Qg3
Qh5 29. Re1 f4 30. Qg4 Qxg4 31. hxg4 Bd3 32. Nd2 Rd7 33. Nf3 Rb7 34. Ra3 Raa7
35. Rea1 a5 36. Nd2 e4 37. Kh2 e3 38. fxe3 fxe3 39. Nf3 e2 40. Re1 Rf7 41. Raa1
Rae7 42. Rac1 Re3 43. Rc3 Rfe7 44. Kg1 b5 45. Kf2 b4 46. Rcc1 R3e4 47. Ra1 Ra7
48. g5 Ree7 49. Rec1 Re8 50. Ke1 Rea8 51. Ng1 a4 52. bxa4 Rxa4 53. Rxa4 Rxa4 54.
Nxe2 Ra2 55. Nf4 Bf5 1/2-1/2

[Event "AUTO-OPEN-1720"]
[Site "http://www.queenalice.com/game.php?id=728085"]
[Date "2010.2.8"]
[Round "2"]
[White "rhsatrhs"]
[Black "lschofiel"]
[Result "0-1"]
[WhiteElo "2142"]
[BlackElo "2012"]

1. e4 e5 2. Nf3 Nf6 3. Nxe5 d6 4. Nf3 Nxe4 5. d4 d5 6. Bd3 Bd6 7. O-O O-O 8. c4
c6 9. cxd5 cxd5 10. Nc3 Bf5 11. Qb3 Nc6 12. Qxb7 Nb4 13. Bxe4 dxe4 14. Nxe4 Rb8
15. Nxd6 Rxb7 16. Nxb7 Qc7 17. Nc5 Nc2 18. Rb1 Nxd4 19. Nxd4 Bxb1 20. Nce6 fxe6
21. Nxe6 Qe5 22. Nxf8 Bd3 23. Nd7 Qe2 0-1

[Event "AUTO-OPEN-1720"]
[Site "http://www.queenalice.com/game.php?id=728086"]
[Date "2010.2.8"]
[Round "2"]
[White "lschofiel"]
[Black "rhsatrhs"]
[Result "1-0"]
[WhiteElo "2033"]
[BlackElo "2135"]

1. e4 c5 2. Nf3 d6 3. d4 cxd4 4. Nxd4 Nf6 5. Bb5+ Bd7 6. Bxd7+ Nbxd7 7. Nc3 g6
8. Bg5 Bg7 9. O-O O-O 10. Rb1 h6 11. Bh4 a6 12. f4 Qb6 13. Bf2 Qc7 14. Qe2 e5
15. fxe5 dxe5 16. Nf3 Rfd8 17. Rbd1 Rac8 18. Rd3 Nh5 19. g3 Bf8 20. Rfd1 Bc5 21.
Bxc5 Qxc5+ 22. Kg2 Rc7 23. R1d2 Nhf6 24. Nd5 Nxd5 25. Rxd5 Qe7 26. Nxe5 Kg7 27.
Qd1 1-0

[Event "AUTO-OPEN-1720"]
[Site "http://www.queenalice.com/game.php?id=728097"]
[Date "2010.2.8"]
[Round "2"]
[White "Martin_Stahl"]
[Black "lschofiel"]
[Result "0-1"]
[WhiteElo "2040"]
[BlackElo "2094"]

1. d4 f5 2. Nf3 e6 3. Bf4 Nf6 4. e3 d5 5. Be2 Bd6 6. O-O Bxf4 7. exf4 c6 8. c4
O-O 9. Nc3 b6 10. Re1 Ne4 11. cxd5 cxd5 12. Rc1 Bd7 13. Ne5 Be8 14. Nxe4 dxe4
15. Rc3 Nd7 16. Bc4 Nxe5 17. dxe5 Bf7 18. Qd6 Re8 19. h3 Qh4 20. Bb5 Red8 21.
Qc6 Qxf4 22. Ba6 Qxe5 23. Rec1 h6 24. Qb7 Kf8 25. Rc7 Be8 26. Rxg7 Qxg7 0-1

[Event "AUTO-OPEN-1720"]
[Site "http://www.queenalice.com/game.php?id=728098"]
[Date "2010.2.8"]
[Round "2"]
[White "lschofiel"]
[Black "Martin_Stahl"]
[Result "1-0"]
[WhiteElo "2079"]
[BlackElo "2055"]

1. e4 c5 2. Nf3 Nc6 3. d4 cxd4 4. Nxd4 g6 5. Bc4 Bg7 6. Nxc6 bxc6 7. O-O e6 8.
Re1 Bb7 9. Nc3 d6 10. Bf4 e5 11. Be3 Nf6 12. Qd3 O-O 13. Rad1 d5 14. exd5 cxd5
15. Nxd5 Bxd5 16. Bxd5 Nxd5 17. Qxd5 Qc7 18. c4 Rfd8 19. Qc5 Rxd1 20. Rxd1 Rd8
21. Rxd8+ Qxd8 22. g3 e4 23. Kg2 Qf6 24. Qc8+ Bf8 25. h4 Qf3+ 26. Kh2 Qh5 27. c5
h6 28. c6 1-0

[Event "Challenge"]
[Site "http://www.queenalice.com/game.php?id=732169"]
[Date "2010.2.15"]
[Round "-"]
[White "waldi"]
[Black "lschofiel"]
[Result "0-1"]
[WhiteElo "2011"]
[BlackElo "2065"]

1. Nf3 Nf6 2. c4 e6 3. Nc3 g6 4. g3 Bg7 5. Bg2 O-O 6. O-O d5 7. cxd5 exd5 8. d4
Nc6 9. Bg5 Ne7 10. Qd2 Ne4 11. Bxe7 Qxe7 12. Nxd5 Qd7 13. Qd3 Qxd5 14. Nd2 f5
15. e3 Re8 16. Rac1 c6 17. a3 Qe6 18. Nb3 b6 19. f3 Ng5 20. Nd2 Qxe3+ 21. Qxe3
Rxe3 22. Rxc6 Bxd4 23. Kh1 Ba6 24. Nc4 Re7 0-1

[Event "Challenge"]
[Site "http://www.queenalice.com/game.php?id=760343"]
[Date "2010.4.13"]
[Round "-"]
[White "lschofiel"]
[Black "KLEOJ"]
[Result "1/2-1/2"]
[WhiteElo "2048"]
[BlackElo "2087"]

1. e4 Nc6 2. Nf3 d5 3. exd5 Qxd5 4. Nc3 Qa5 5. Bb5 Bd7 6. O-O a6 7. Bxc6 Bxc6 8.
d4 e6 9. a3 Nf6 10. Bd2 Qh5 11. Bf4 Bxf3 12. Qxf3 Qxf3 13. gxf3 O-O-O 14. Rad1
Bd6 15. Bg3 h5 16. Ne4 h4 17. Bxd6 cxd6 18. h3 Nh5 19. c4 Rh6 20. Kh2 Rg6 21.
Rg1 Rxg1 22. Rxg1 d5 23. cxd5 Rxd5 24. b4 Rxd4 25. Ng5 Rd2 26. Rg4 Rxf2+ 27. Kg1
Ra2 28. Rxh4 g6 29. Nxf7 Rxa3 30. Ng5 Kd7 31. Re4 Ng7 32. Kg2 Ke7 33. Rc4 Nf5
34. Rc7+ Kd6 35. Rxb7 Ra2+ 36. Kg1 Ra1+ 37. Kf2 Ra2+ 38. Kg1 Ra1+ 39. Kf2 Ra2+
40. Kg1 1/2-1/2

[Event "Challenge"]
[Site "http://www.queenalice.com/game.php?id=777270"]
[Date "2010.5.18"]
[Round "-"]
[White "alainbouley"]
[Black "lschofiel"]
[Result "0-1"]
[WhiteElo "2019"]
[BlackElo "2050"]

1. d4 f5 2. e3 Nf6 3. Nf3 e6 4. c4 d5 5. Bd3 c6 6. O-O Bd6 7. Nc3 O-O 8. Bd2 b6
9. Ng5 Qe7 10. f4 Ne4 11. Ncxe4 fxe4 12. Be2 h6 13. Nh3 Nd7 14. Rc1 c5 15. b3
cxd4 16. exd4 Bb7 17. Be3 a5 18. a4 Rac8 19. Qe1 Nf6 20. Nf2 Bb4 21. Bd2 e3 22.
Bxb4 exf2+ 23. Rxf2 axb4 24. Rf3 dxc4 25. Bxc4 Bxf3 26. gxf3 Kh8 27. Qe5 Nd5 28.
Re1 Qh4 29. Qxe6 Nxf4 30. Qe3 Qg5+ 0-1

[Event "Challenge"]
[Site "http://www.queenalice.com/game.php?id=792953"]
[Date "2010.6.20"]
[Round "-"]
[White "mariarosa"]
[Black "lschofiel"]
[Result "0-1"]
[WhiteElo "2151"]
[BlackElo "2152"]

1. e4 e5 2. Nf3 Nf6 3. Bc4 Nxe4 4. d3 Nf6 5. Nxe5 d5 6. Bb3 Bd6 7. Nf3 O-O 8. c3
c5 9. O-O h6 10. Be3 Nc6 11. Nbd2 Bf5 12. Bc2 b6 13. Nh4 Bxh2+ 14. Kh1 Bg4 15.
Nhf3 Bd6 16. Qe1 Re8 17. d4 cxd4 18. cxd4 Nb4 19. Bb1 Rc8 20. Nh2 Qd7 21. a3 Nc2
22. Bxc2 Rxc2 23. b4 Qf5 24. f3 Qh5 25. f4 Rc3 26. Nc4 Rxc4 27. Kg1 Be2 28. Qg3
Rc3 29. Qh4 Qxh4 30. Nf3 Bxf3 31. Rxf3 Rcxe3 32. Raf1 Rxf3 33. gxf3 Bxf4 34. Rf2
Re1+ 35. Kg2 Qg3# 0-1

[Event "Challenge"]
[Site "http://www.queenalice.com/game.php?id=811756"]
[Date "2010.8.1"]
[Round "-"]
[White "pajabraba69"]
[Black "lschofiel"]
[Result "0-1"]
[WhiteElo "2038"]
[BlackElo "2113"]

1. e4 e5 2. Nf3 Nf6 3. Nc3 Nc6 4. d4 exd4 5. Nxd4 Bb4 6. Nxc6 bxc6 7. Bd3 O-O 8.
O-O Bb7 9. e5 Bxc3 10. bxc3 Nd5 11. Qh5 g6 12. Qh6 Qe7 13. Re1 f6 14. c4 Nb4 15.
Bb2 fxe5 16. Bxe5 Nxd3 17. cxd3 Rae8 18. Bc3 Qf7 19. Qh4 c5 20. Bd2 Qf6 21. Qxf6
Rxe1+ 22. Rxe1 Rxf6 23. Bc3 Ra6 24. Re2 Ra3 25. Rc2 Bc6 26. d4 cxd4 27. Bxd4 Rd3
0-1

[Event "Challenge"]
[Site "http://www.queenalice.com/game.php?id=811758"]
[Date "2010.8.1"]
[Round "-"]
[White "lschofiel"]
[Black "pajabraba69"]
[Result "1-0"]
[WhiteElo "2141"]
[BlackElo "2013"]

1. e4 e5 2. Nf3 Nc6 3. Bb5 a6 4. Bxc6 dxc6 5. O-O Bg4 6. h3 h5 7. d3 Qf6 8. Nbd2
Ne7 9. Re1 Ng6 10. d4 Bd6 11. hxg4 hxg4 12. Nh2 Rxh2 13. Qxg4 Rh4 14. Qf5 Ne7
15. Qxf6 gxf6 16. Nf3 Rh7 17. Be3 O-O-O 18. g3 Ng6 19. Kg2 Rdh8 20. Rad1 Rg7 21.
dxe5 Nxe5 22. Rh1 Rgh7 23. Rxh7 Rxh7 24. Nd4 Ng4 25. Nf5 Bf8 26. Kg1 Ne5 27. Bd4
Nd7 28. a3 b6 29. Kg2 Bd6 30. f4 Rh8 31. Bc3 Re8 32. Kf3 Nc5 33. Rxd6 cxd6 34.
Nxd6+ Kd7 35. Nxe8 1-0

[Event "Challenge"]
[Site "http://www.queenalice.com/game.php?id=829444"]
[Date "2010.9.7"]
[Round "-"]
[White "Ebbe"]
[Black "lschofiel"]
[Result "0-1"]
[WhiteElo "1868"]
[BlackElo "2123"]

1. e4 e5 2. Nf3 Nf6 3. Nc3 Nc6 4. Bc4 Bc5 5. Ng5 O-O 6. d3 d6 7. O-O Bg4 8. Qe1
Nd4 9. Bb3 h6 10. Nxf7 Rxf7 11. Bxf7+ Kxf7 12. Qd2 Qd7 13. Kh1 Bf3 14. gxf3 Nxf3
15. Qd1 Qh3 16. Qxf3 Qxf1# 0-1

[Event "AUTO-ADV-1584"]
[Site "http://www.queenalice.com/game.php?id=829457"]
[Date "2010.9.7"]
[Round "2"]
[White "Padre_Amaro"]
[Black "lschofiel"]
[Result "0-1"]
[WhiteElo "1976"]
[BlackElo "2127"]

1. e4 e5 2. Nf3 Nf6 3. Nc3 Nc6 4. Bb5 Bc5 5. Nxe5 Nxe5 6. d4 Bd6 7. dxe5 Bxe5 8.
Bg5 c6 9. Ba4 Qa5 10. Bb3 Bxc3+ 11. bxc3 Qxg5 12. Qf3 O-O 13. O-O b6 14. Rae1
Ba6 15. c4 Rae8 16. Re3 d5 17. exd5 cxd5 18. Rfe1 dxc4 19. Ba4 Rxe3 20. Rxe3 b5
21. Bxb5 Bxb5 22. h3 Rd8 23. c3 h6 0-1

[Event "AUTO-ADV-1584"]
[Site "http://www.queenalice.com/game.php?id=829458"]
[Date "2010.9.7"]
[Round "2"]
[White "lschofiel"]
[Black "Padre_Amaro"]
[Result "1-0"]
[WhiteElo "2134"]
[BlackElo "1966"]

1. e4 e5 2. Nf3 Nc6 3. Bc4 Bc5 4. c3 Nf6 5. d4 Bd6 6. Nbd2 O-O 7. O-O b6 8. Re1
Bb7 9. Bb5 Re8 10. Nc4 Be7 11. dxe5 Ng4 12. h3 Nh6 13. Bxh6 gxh6 14. Bxc6 Bxc6
15. Nd4 Bb7 16. Qh5 Bf8 17. Re3 Bg7 18. f4 Ba6 19. Rg3 Bxc4 20. Qxh6 Kf8 21.
Qxg7+ Ke7 22. Qf6+ Kf8 23. Qh6+ Ke7 24. Nf5# 1-0

[Event "AUTO-ADV-1584"]
[Site "http://www.queenalice.com/game.php?id=829459"]
[Date "2010.9.7"]
[Round "2"]
[White "BOSQUES"]
[Black "lschofiel"]
[Result "1-0"]
[WhiteElo "1743"]
[BlackElo "2164"]

1. d4 f5 2. Nf3 Nf6 3. c4 e6 4. Bg5 Be7 5. a3 O-O 6. Nc3 b6 7. g3 Ne4 8. Bxe7
Qxe7 9. Bg2 Nxc3 10. bxc3 Bb7 11. O-O d6 12. d5 e5 13. Qd2 Nd7 14. e3 Ba6 15.
Qa2 Nf6 16. Ng5 e4 17. Ne6 Rfe8 18. Bh3 g6 19. Rfd1 Bc8 20. Nf4 Bd7 21. a4 a5
22. Qe2 g5 23. Nh5 Ng4 24. f3 exf3 25. Qxf3 Ne5 26. Qf1 Qf8 27. Rd2 1-0

[Event "AUTO-ADV-1584"]
[Site "http://www.queenalice.com/game.php?id=829460"]
[Date "2010.9.7"]
[Round "2"]
[White "lschofiel"]
[Black "BOSQUES"]
[Result "1-0"]
[WhiteElo "2151"]
[BlackElo "1766"]

1. e4 c5 2. Nc3 e6 3. f4 Nc6 4. Nf3 d6 5. Bb5 Bd7 6. O-O a6 7. Bxc6 Bxc6 8. d4
Nf6 9. d5 exd5 10. exd5 Nxd5 11. Nxd5 Be7 12. Nxe7 Kxe7 13. Re1+ Kd7 14. Ne5+
1-0

[Event "Challenge"]
[Site "http://www.queenalice.com/game.php?id=865292"]
[Date "2010.11.29"]
[Round "-"]
[White "lschofiel"]
[Black "mariarosa"]
[Result "1-0"]
[WhiteElo "2142"]
[BlackElo "1987"]

1. e4 e5 2. Nf3 Nc6 3. Bc4 h6 4. O-O Nf6 5. d4 exd4 6. Nxd4 Bc5 7. Nxc6 bxc6 8.
Nc3 d6 9. Kh1 O-O 10. f3 Qe7 11. Na4 Bb6 12. b3 Be6 13. Bxe6 Qxe6 14. Bb2 Rad8
15. c4 c5 16. Qd2 Rb8 17. Rfe1 Nd7 18. Rad1 Rbe8 19. Qc3 f6 20. Qd2 Ne5 21. Bc3
Rf7 22. Kg1 Qc8 23. Re2 Nc6 24. h3 Rfe7 25. Qd5+ Qe6 26. Qxc6 Kh7 27. h4 Qf7 28.
Nb2 Rd8 29. Kf2 Qh5 30. g3 g5 31. Bxf6 Qe8 32. Qxe8 Rdxe8 33. Bxe7 Rxe7 34. hxg5
c6 35. g6+ Kg7 36. Rxd6 Bc7 37. Rxc6 Bb6 38. Nd3 a5 39. Rxb6 Rc7 40. Ra6 a4 41.
Rxa4 Kxg6 42. Ra5 Rd7 43. Nxc5 Rd6 44. e5 Rd8 45. Ra6+ Kg5 46. Ne6+ Kf5 47. Nxd8
h5 48. Rf6+ Kg5 49. Ne6# 1-0

[Event "Challenge"]
[Site "http://www.queenalice.com/game.php?id=893044"]
[Date "2011.1.30"]
[Round "-"]
[White "JD"]
[Black "lschofiel"]
[Result "0-1"]
[WhiteElo "1636"]
[BlackElo "2141"]

1. d3 e5 2. h4 Nf6 3. e4 Bb4+ 4. c3 Be7 5. Nf3 Nc6 6. c4 O-O 7. Bg5 a6 8. Bxf6
Bb4+ 9. Nc3 Qxf6 10. a3 Bc5 11. Nd5 Qd8 12. Nd2 d6 13. b4 Bd4 14. f4 Bxa1 15.
Qxa1 Nd4 16. Qb2 c6 17. fxe5 dxe5 18. Ne3 f5 19. Nf3 fxe4 20. dxe4 Nxf3+ 21.
gxf3 Rxf3 22. Nf5 Bxf5 23. exf5 Rxf5 24. c5 Qd5 25. Bg2 e4 26. Rg1 Qd8 27. Bxe4
Qxh4+ 28. Kd2 Rd8+ 29. Kc1 Qf4+ 30. Kb1 Qxe4+ 31. Ka1 Rf7 32. a4 Qe3 33. Qb1 Rd2
34. Qc1 Qd4+ 35. Kb1 Qxb4+ 36. Ka1 Qxa4+ 37. Qa3 Qxa3+ 0-1